Missing Word: Newbery Medal-Winning Books Quiz Stats

 Plays Quiz Updated Oct 26, 2012

Support Sporcle.
Go Orange.
Score 0/20 Timer 03:00
0 Plays Today
Title Missing Word % Correct
Charlotte's ____Web
99.8%
_____ to Terabithia Bridge
81.3%
____, Plain and Tall Sarah
65.2%
A ____ in TimeWrinkle
63.6%
Roll of Thunder, Hear My ____Cry
55.3%
____ of the Blue DolphinsIsland
46.8%
____ TremainJohnny
44%
From the Mixed-Up ____ of Mrs Basil E. Frankweiler Files
39.9%
Bud, Not ____Buddy
38.1%
Number the ____Stars
37%
Title Missing Word % Correct
Walk ____ MoonsTwo
35.8%
Jacob Have I ____Loved
28.8%
On the Banks of ____ Creek Plum
22.7%
Julie of the ____Wolves
20.5%
The Voyages of Doctor ____Dolittle
19.8%
A ____ Down YonderYear
13.5%
Dear Mr. _____Henshaw
12.5%
Strawberry ____Girl
9.3%
The _____ on the SchoolWheel
7%
Thimble ____Summer
6.4%

Today's Daily Dose

Quick Pick
Nissan Models

Get the Picture
Amazing Trees

From the Vault

Fill-in-the-Blank Movie Names

by turd__ferguson

Movies 4m
We'd like to get to know these movies on a first name basis.
Remove Ads.
Support Sporcle.
Get the best of Sporcle when you Go Orange. This ad-free experience offers more features, more stats, and more fun while also helping to support Sporcle. Thank you for becoming a member.

Show Comments

Extras

Top Quizzes Today


Score Distribution

Your Account Isn't Verified!

In order to create a playlist on Sporcle, you need to verify the email address you used during registration. Go to your Sporcle Settings to finish the process.

Report this User

Report this user for behavior that violates our Community Guidelines.

Details: